| 000 | 00830cab a22002055a 4500 | ||
|---|---|---|---|
| 001 | L159842 | ||
| 008 | 150113e2017 xxk 000 0 eng d | ||
| 035 | _a(Sirsi) u159842 | ||
| 041 | 0 | _aeng | |
| 100 | 1 | _aGibbs, Ian | |
| 245 | 0 | 0 |
_aResilience works _h[electronic resource] |
| 260 |
_aLondon _bRICS _c2017 |
||
| 490 |
_aRICS Building Surveying Journal _vOctober - November 2017, 20-21(2) |
||
| 520 | _aThe increasing incidence of flooding creates opportunities for surveyors to promote resilience. Outlines a plan on how to increase the resilient measures available to builing surveyors. | ||
| 650 | 2 | 4 | _aFLOOD PREVENTION |
| 650 | 2 | 4 | _aFLOODING |
| 651 | 4 |
_aUnited Kingdom _y |
|
| 856 | 4 | 0 |
_uhttps://issuu.com/ricsmodus/docs/building_surveying_journal_october__45ef6cafff2b21 _yAvailable free online via Issuu |
| 942 |
_n0 _2ddc |
||
| 999 |
_c85007 _d85007 |
||